| 000 | 00384nam a2200097Ia 4500 | ||
|---|---|---|---|
| 008 | 180130s9999 xx 000 0 und d | ||
| 245 |
_cVegas, S.; Juristo, N. _aWhat can go wrong in software engineering experiments? |
||
| 260 | _c2016 | ||
| 300 | _aBook title: Perspectives on data science for software engineering--Acession number C20893; pages 341-346 | ||
| 650 | _aSOFTWARE ENGINEERING | ||
| 999 |
_c354341 _d354341 |
||